Rimanova geometrija i tenzornyj analiz. /

Uložené v:
Podrobná bibliografia
Hlavný autor: Raševskij, Petr Konstantinovič (Author)
Médium: Kniha
Jazyk:Russian
Vydané: Moskva : Nauka Moskva, 1964
Vydanie:2. vyd.
Témy:
ISBN: (viaz.)
Fyzický popis: 664 s.
Tagy: Pridať tag
Žiadne tagy, Buďte prvý kto otaguje tento záznam!

MARC

LEADER 00000nam a2200000 a 4500
001 000027876
003 SVKK
005 19970826000000.0
008 970428s1964 ru e ruso
020 |a (viaz.) 
040 |a SVKKK  |b slo  |c SVKKK  |e AACR2 
041 0 |a rus 
044 |a ru  |c RU 
080 |a 513  |2 1997 
100 1 |a Raševskij, Petr Konstantinovič  |4 aut 
245 1 0 |a Rimanova geometrija i tenzornyj analiz. /  |c Petr Konstantinovič Raševskij 
250 |a 2. vyd. 
260 |a Moskva :  |b Nauka Moskva,  |c 1964 
300 |a 664 s. 
653 0 |a geometria Riemannova  |2 SVKKKPH 
655 7 |a monografie  |2 SVKKKPH 
910 |a svkkk 
974 |a MI  |d 19970519 
974 |a PA  |d 19970611 
974 |a PA  |d 19970826 
998 |a BK 
090 |g SCKHL  |k Sklad Pribinova prízemie  |a IV.175132  |j 906421  |i 2720189724  |s Absenčne